| 000 | 00675cam a2200193 4500 | ||
|---|---|---|---|
| 001 | X120557 | ||
| 008 | 021125n2002 000 0 eng u | ||
| 035 | _a(Sirsi) u120557 | ||
| 245 | _aStringfellow v Blyth | ||
| 260 | _c2002 | ||
| 490 |
_aConstruction Law Reports _v[2002] 83 Con LR 124-131(8) |
||
| 490 |
_aCourt of Appeal (Civil Division) _v[2001 EWCA Civ 1006 |
||
| 520 | _aCA 18 June 2001. Building contract claim and counterclaim. Effect of judge disregarding experts' report [Taken from journalheadnote]. | ||
| 650 | _aSTRINGFELLOW V BLYTH | ||
| 650 | _aEXPERTS REPORTS | ||
| 650 | _aDAMAGES | ||
| 690 | _aBUILDING AND CONSTRUCTION-CASE LAW | ||
| 942 | _n0 | ||
| 999 |
_c71625 _d71625 |
||